000 00759nam a2200229 a 4500
005 20240910063720.0
008 070924s2002 ag r 000 0 spa d
020 _a9506024464
035 _aUPN01000152195
049 _aCG
050 4 _aBF109 L2
_bZ3.4
100 1 _aZafiropoulos, Markos
245 1 0 _aLacan y las ciencias sociales :
_bla declinación del padre (1938-1953) /
_cMarkos Zafiropoulos.
260 _aBuenos aires :
_bNueva Visión,
_cc2002.
300 _a239 p.
440 0 _aFreud - Lacan
534 _pTítulo original:
_tLacan et les sciences sociales. Le déclin du pére (1938-1953)
600 1 4 _aLACAN, JACQUES,
_d1905-1981
650 4 _aPSICOANALISIS Y CIENCIAS SOCIALES
_916320
650 4 _aPatriarcado
_916321
905 _aLibro
999 _c124318
_d124318